000 00550nam a22001937a 4500
003 BUBTL
008 180912b xxu||||| |||| 00| 0 eng d
020 _a81-219-0471-4
082 _a515.33
_bNAD
100 _9661
_aNarayan,Shanti/ Mittal, P.K.
245 _aDifferential Calculus
_cShanti Narayan
250 _a1st
260 _aDelhi
_bS. Chand & Company Ltd.
_c1942
300 _a[xiv] , 378p . :
_b21cm .
_cMathematics .
650 0 _9124
_aMathematics
856 _k0
_l0
_yDownload
942 _2ddc
_cBK
999 _c5801
_d5801